LEADER 01540nam a2200277 i 4500 001 000000039505 003 CaOOAMICUS 005 20220523124522.0 008 151002s1659 it u000 u ita u 013 $a10242 026 $atare 99n- tehe ando (3) 1659 (R) 040 $aSeMil$bita 100 1 $aBacci, Pietro Giacomo,$d.$0(OLS)http://semarc/name/19176 245 10$aVita di S. Filippo Neri fiorentino, fondatore della congregatione dell'Oratorio, raccolta da' processi fatti per la sua canonizatione. Da Pietro Iacomo Bacci aretino prete della medesima congregatione. 260 $aIn Bologna :$bPer Domenico Barbieri. Alle due Rose,$c1659. 300 $a[16], 466, [78] p. :$britr. ;$c8º. 500 $aFregio xilogr. sul front. - itr. di S. Filippo Neri a c. +8v. 500 $aSegn.: +8 A-2L8 (L8 bianca) 600 04$aNeri, Filippo .$0(OLS)http://semarc/subject/1201 700 1 $aBarbieri, Domenico eredi,$d.$0(OLS)http://semarc/name/19177 850 $aSeMil 852 $aSeMil$W1$xVenegono$y1$m3G I 16 FA$j5660$B5660$CSeMilBibl$Z2$F5660 $8I 961 $aOmaggio: Seminario del Duomo 996 $6245$aVita di S. Filippo Neri fiorentino, fondatore della congregatione dell'Oratorio, raccolta da' processi fatti per la sua canonizatione. Da Pietro Iacomo Bacci aretino prete della medesima congregatione$9(OLS)http://semarc/title/56293 996 $6260$aIn Bologna :$bPer Domenico Barbieri. Alle due Rose$9(OLS)http://semarc/publisher/40061 LEADER 01036nam a2200217 i 4500 001 000000218141 003 CaOOAMICUS 005 20130116000000.0 008 130116s1739 xx u000 u lat u 013 $a197038 026 $a55on e-ii isi- tude (3) 1739 (R) 040 $aSeMil$bita 245 10$aTomus secundus. Complectens litteras D.E.F.G.H.I.L. 300 $a[8] p., 836 col., [2] p. 500 $aSegn. : *4 A-2M6. 773 0 $aGualdo, Gabriele <1659-1743>$tTheologia moralis, et contemplatiua S. Aurelii Augustini... In qua ejus omnia Moralia, & Plurima Contemplatiua,... Opus tum Theologis, & Casuistis, tum etiam Concionatoribus perutile. Auctore Angelo Cupetioli... Tomus 1. [-3.].$dVenetiis : Apud Josephum Corona, sub Signo Praemii, 1737-1741.$g2$w()13927 850 $aSeMil 852 $aSeMil$W1$xVenegono$y1$m2F VI 40 FA$j168554$B168554$CSeMilBibl$Z2$F179432 $8I 941 1 $a10 961 $aRecupero: Mantegazza 996 $6245$aTomus secundus. Complectens litteras D.E.F.G.H.I.L$9(OLS)http://semarc/title/313337